000 00579nam a22001937a 4500
005 20251108165911.0
008 250721s1990 xx 000 0 ara d
082 1 4 _aط/599.74
100 1 _aصوفان، أحمد
245 1 0 _aالأسد /
264 1 _aبيروت :
_bالمؤسسة العربية للدراسات و النشر،
_c1990.
300 _a32ص : مص
490 0 _aحيوانات العالم
_v6
650 1 7 _aالأسود
653 _aناشئون صغار (سنة 14-10)
700 1 _aجار الله، هانئة
942 _2ddc
_cBK
999 _c34304
_d34304